000 00581nam a2200169 i 4500
001 49311
003 ES-MaACL
005 20230906161925.0
007 t|
008 030714s1874 sp ||||1| spa d
100 1 _aCortés y Morales, Balbino.
_940911
245 1 0 _aDiccionario razonado de legislación y jurisprudencia diplomático-consular o Repertorio para la carrera de Estado /
_cBalbino Cortés y Morales.
260 _aMadrid :
_bJ. Antonio García,
_c1874.
300 _a603 p. ;
_c29 cm.
740 0 _aRepertorio para la carrera de Estado.
852 _aES-MaACL
_jB-10963
999 _c49311
_d49311